| 000 | 00491 a2200169 4500 | ||
|---|---|---|---|
| 999 |
_c41137 _d41137 |
||
| 003 | OSt | ||
| 005 | 20210705122330.0 | ||
| 008 | 210705b ||||| |||| 00| 0 eng d | ||
| 020 | _a 9788173197482 | ||
| 040 | _coclc | ||
| 082 |
_a530.13 _bGUH/S |
||
| 100 |
_aGuha, Evelyn _94416 |
||
| 245 |
_aStatistical Mechanics: An Introduction/ _cEvelyn Guha |
||
| 260 |
_bNarosa, _aNew Delhi: _c2008. |
||
| 300 | _a246 pages | ||
| 942 |
_2ddc _cBK _h530.13 _iGUH/S _k530.13 _mGUH/S |
||